[Event "Lvov Ukrainian Chess Warriors"]
[Site "Lvov"]
[Date "2024.03.15"]
[Round "5"]
[White "Tarleva, Vira"]
[Black "Trushko, Andrii"]
[Result "1/2-1/2"]
[WhiteElo "2030"]
[BlackElo "2050"]
[PlyCount "92"]
[EventDate "2024.03.15"]
[EventType "swiss (rapid)"]
[EventRounds "8"]
[EventCountry "UKR"]
[SourceTitle "CB12_2024"]
[SourceDate "2023.10.01"]
[SourceVersion "1"]
[SourceVersionDate "2023.10.01"]
[SourceQuality "1"]

1. e4 c6 2. d4 d5 3. exd5 cxd5 4. Bd3 Nf6 5. c3 Nc6 6. Bf4 g6 7. Nf3 Bf5 8. 0-0 Bg7 9. Re1 0-0 10. Bxf5 gxf5 11. Nbd2 Ne4 12. Ng5 e6 13. Qh5 Nf6 14. Qh3 h6 15. Ngf3 Kh7 16. Ng5+ Kg6 17. Ngf3 Rg8 18. Nh4+ Kh7 19. Ndf3 Ne4 20. Nxf5 exf5 21. Qxf5+ Kh8 22. Rxe4 dxe4 23. Ng5 Qxg5 24. Bxg5 Rae8 25. Bf6 Ne7 26. Bxg7+ Kxg7 27. Qxe4 Ng6 28. Qxb7 Rb8 29. Qxa7 Rxb2 30. g3 Rc8 31. d5 Rd2 32. Qa5 Ne5 33. d6 Kf6 34. Kg2 Ng4 35. Qa6 Rxc3 36. d7+ Kg7 37. Re1 Rcc2 38. Rf1 Ne3+ 39. Kf3 Nxf1 40. Qxf1 Rxd7 41. a4 Ra2 42. Qb5 Rdd2 43. Qe5+ Kg8 44. Qe8+ Kg7 45. Qe5+ Kg8 46. Qe8+ Kg7 1/2-1/2

[Event "EU-ch Blitz"]
[Site "Zagreb"]
[Date "2023.12.16"]
[Round "8"]
[White "Hulka, Valentyn"]
[Black "Trushko, Andrii"]
[Result "0-1"]
[WhiteElo "2310"]
[BlackElo "2050"]
[PlyCount "69"]
[EventDate "2023.12.16"]
[EventType "swiss (blitz)"]
[EventRounds "13"]
[EventCountry "CRO"]
[SourceTitle "CB51_2023"]
[SourceDate "2023.12.20"]
[SourceVersion "1"]
[SourceVersionDate "2023.12.20"]
[SourceQuality "1"]

1. d4 d5 2. c4 c6 3. Nf3 Nf6 4. e3 e6 5. b3 Nbd7 6. Nbd2 Be7 7. Bb2 0-0 8. Bd3 b6 9. 0-0 Bb7 10. e4 dxe4 11. Nxe4 Nxe4 12. Bxe4 Nf6 13. Bc2 c5 14. dxc5 Bxc5 15. Qe2 Qe7 16. Rad1 Rfd8 17. Ng5 h6 18. Ne4 Nxe4 19. Bxe4 Bxe4 20. Qxe4 Rxd1 21. Rxd1 Rd8 22. Qg4 Rxd1+ 23. Qxd1 Qg5 24. g3 Qf5 25. Bd4 Bxd4 26. Qxd4 Qb1+ 27. Kg2 Qxa2 28. Qd8+ Kh7 29. Qd3+ f5 30. Qe3 Qb1 31. Qxe6 Qd3 32. h4 Qe4+ 33. Qxe4 fxe4 34. h5 g6 35. g4 0-1

[Event "Kyiv Spring Blitz"]
[Site "Kiev"]
[Date "2023.03.26"]
[Round "4"]
[White "Trushko, Andrii"]
[Black "Chubar, Vladimir"]
[Result "1-0"]
[WhiteElo "2006"]
[BlackElo "1802"]
[PlyCount "48"]
[EventDate "2023.03.26"]
[EventType "swiss (blitz)"]
[EventRounds "9"]
[EventCountry "UKR"]
[SourceTitle "CBM 213 Extra"]
[Source "ChessBase"]
[SourceDate "2023.05.31"]
[SourceVersion "1"]
[SourceVersionDate "2023.05.31"]
[SourceQuality "1"]

1. d4 e6 2. c4 Nf6 3. Nc3 Bb4 4. Qc2 0-0 5. Bg5 h6 6. Bxf6 Qxf6 7. Nf3 Nc6 8. e3 d6 9. Bd3 e5 10. 0-0 Bg4 11. Nd5 Qd8 12. dxe5 Bxf3 13. gxf3 dxe5 14. Rad1 Qh4 15. Kh1 b6 16. Be4 Bd6 17. Rg1 Rae8 18. Rg4 Qd8 19. Rdg1 g5 20. h4 f6 21. Bf5 Ne7 22. Be6+ Kg7 23. hxg5 hxg5 24. Nxe7 Bxe7 1-0

[Event "Kyiv Spring Blitz"]
[Site "Kiev"]
[Date "2023.03.26"]
[Round "6"]
[White "Trushko, Andrii"]
[Black "Sidorika, Vladislav"]
[Result "1-0"]
[WhiteElo "2006"]
[BlackElo "2278"]
[PlyCount "99"]
[EventDate "2023.03.26"]
[EventType "swiss (blitz)"]
[EventRounds "9"]
[EventCountry "UKR"]
[SourceTitle "CBM 213 Extra"]
[Source "ChessBase"]
[SourceDate "2023.05.31"]
[SourceVersion "1"]
[SourceVersionDate "2023.05.31"]
[SourceQuality "1"]

1. d4 e6 2. c4 Nf6 3. Nc3 Bb4 4. Qc2 0-0 5. Bg5 h6 6. Bxf6 Qxf6 7. Nf3 c5 8. dxc5 Bxc3+ 9. bxc3 Na6 10. e3 Nxc5 11. Bd3 b6 12. 0-0 Bb7 13. Nd2 Rac8 14. Rad1 Nxd3 15. Qxd3 d5 16. cxd5 Rxc3 17. Ne4 Rxd3 18. Nxf6+ gxf6 19. Rxd3 Ba6 20. Ra3 Bxf1 21. Kxf1 a5 22. Rb3 Rb8 23. a4 Kf8 24. Ke2 Ke7 25. Rb5 Kd6 26. Kd3 f5 27. dxe6 fxe6 28. e4 fxe4+ 29. Kxe4 Kc6 30. Rh5 Rg8 31. g3 Rg6 32. f4 Rf6 33. g4 Rg6 34. g5 hxg5 35. fxg5 b5 36. axb5+ Kxb5 37. h4 a4 38. Rh8 Kc4 39. Ra8 Kb3 40. Kf4 Rg7 41. h5 Rf7+ 42. Kg4 Rb7 43. g6 a3 44. h6 Rb4+ 45. Kg5 a2 46. h7 Rb5+ 47. Kf6 Rf5+ 48. Kxe6 Rh5 49. Kf7 Rh2 50. Kg7 1-0

[Event "EU-ch Blitz"]
[Site "Katowice"]
[Date "2022.12.16"]
[Round "6"]
[White "Kosakowski, Jakub"]
[Black "Trushko, Andrii"]
[Result "1-0"]
[WhiteElo "2475"]
[BlackElo "2006"]
[PlyCount "73"]
[EventDate "2022.12.16"]
[EventType "swiss (blitz)"]
[EventRounds "22"]
[EventCountry "POL"]
[SourceTitle "CBM 211 Extra"]
[Source "ChessBase"]
[SourceDate "2023.01.31"]
[SourceVersion "1"]
[SourceVersionDate "2023.01.31"]
[SourceQuality "1"]

1. e4 c6 2. d4 d5 3. e5 c5 4. Nf3 cxd4 5. Nxd4 Nc6 6. Nxc6 bxc6 7. Bd3 e6 8. 0-0 a5 9. Nd2 Qc7 10. Re1 Bc5 11. c4 Ba6 12. Nb3 Bb4 13. Nd2 dxc4 14. Bf1 c3 15. bxc3 Bxc3 16. Rb1 Bxf1 17. Rxf1 Bxe5 18. Nc4 Ne7 19. f4 Bf6 20. Rb7 Qd8 21. Nd6+ Kf8 22. Ba3 Kg8 23. Qb3 c5 24. Bxc5 Bd4+ 25. Bxd4 Qxd6 26. Be5 Qc5+ 27. Kh1 Ng6 28. Bb2 a4 29. Qf3 Qd5 30. Qxd5 exd5 31. f5 Nf8 32. Re1 h5 33. Ree7 Rh7 34. Rxf7 d4 35. Bxd4 Nd7 36. Rfxd7 Re8 37. h3 1-0

[Event "EU-ch Blitz"]
[Site "Katowice"]
[Date "2022.12.16"]
[Round "9"]
[White "Trushko, Andrii"]
[Black "Cieslak, Patryk"]
[Result "0-1"]
[WhiteElo "2006"]
[BlackElo "2094"]
[PlyCount "66"]
[EventDate "2022.12.16"]
[EventType "swiss (blitz)"]
[EventRounds "22"]
[EventCountry "POL"]
[SourceTitle "CBM 211 Extra"]
[Source "ChessBase"]
[SourceDate "2023.01.31"]
[SourceVersion "1"]
[SourceVersionDate "2023.01.31"]
[SourceQuality "1"]

1. d4 Nf6 2. Bg5 d5 3. Bxf6 gxf6 4. e3 c5 5. dxc5 Nc6 6. Nc3 e6 7. Na4 Bxc5 8. Nxc5 Qa5+ 9. c3 Qxc5 10. Nf3 e5 11. Qa4 Be6 12. Bb5 Bd7 13. Bxc6 Bxc6 14. Qh4 Qe7 15. 0-0-0 0-0-0 16. Rhe1 Kb8 17. Nd2 Qe6 18. f4 Rc8 19. Nf3 d4 20. exd4 Qxa2 21. Qxf6 Qa1+ 22. Kd2 Qxb2+ 23. Ke3 exd4+ 24. Qxd4 Rhe8+ 25. Ne5 f6 26. Qd6+ Ka8 27. Qxf6 Qxc3+ 28. Kf2 Qc2+ 29. Ke3 Qxg2 30. Ra1 Qh3+ 31. Kf2 Qxh2+ 32. Ke3 Qg3+ 33. Ke2 Bb5+ 0-1

[Event "EU-ch Blitz"]
[Site "Katowice"]
[Date "2022.12.16"]
[Round "17"]
[White "Trushko, Andrii"]
[Black "Karvatskyi, Oleksii"]
[Result "0-1"]
[WhiteElo "2006"]
[BlackElo "1995"]
[PlyCount "106"]
[EventDate "2022.12.16"]
[EventType "swiss (blitz)"]
[EventRounds "22"]
[EventCountry "POL"]
[SourceTitle "CBM 211 Extra"]
[Source "ChessBase"]
[SourceDate "2023.01.31"]
[SourceVersion "1"]
[SourceVersionDate "2023.01.31"]
[SourceQuality "1"]

1. d4 Nf6 2. Bg5 d5 3. Bxf6 gxf6 4. e3 c5 5. dxc5 e6 6. c4 Qa5+ 7. Qd2 Qxd2+ 8. Nxd2 dxc4 9. Bxc4 Bxc5 10. Rc1 b6 11. Ne4 Be7 12. Nf3 Bb7 13. Bb5+ Kf8 14. Ned2 a6 15. Bd3 Nd7 16. Rc7 Nc5 17. Ke2 Bd6 18. Rxb7 Nxb7 19. Be4 Rb8 20. Nc4 Bc7 21. Rd1 Nc5 22. Bc2 b5 23. Ncd2 Ke7 24. Nd4 Rb6 25. b4 Nb7 26. N2b3 Bd6 27. a3 Rc8 28. Kd2 h6 29. Be4 f5 30. Bf3 Be5 31. Bxb7 Rxb7 32. Nc5 Rbc7 33. Ke2 Ra8 34. Ndb3 Rd8 35. Rxd8 Kxd8 36. Nxa6 Rc2+ 37. Kf3 Ra2 38. Nac5 Rxa3 39. Na5 Bd6 40. Nc6+ Kc7 41. Nd4 Bxc5 42. bxc5 Ra5 43. Ke2 b4 44. Nb3 Ra3 45. Nd4 Ra2+ 46. Ke1 e5 47. Nxf5 Kc6 48. Nd6 Kxc5 49. Nxf7 b3 50. Kd1 Kd5 51. Nxh6 Rxf2 52. g4 Rxh2 53. Nf5 b2 0-1

[Event "GER-ch U16"]
[Site "Willingen"]
[Date "2022.06.08"]
[Round "6"]
[White "Foerster Yialamas, Lucas"]
[Black "Trushko, Andrii"]
[Result "1-0"]
[WhiteElo "2117"]
[BlackElo "1897"]
[PlyCount "65"]
[EventDate "2022.06.04"]
[EventType "swiss"]
[EventRounds "9"]
[EventCountry "GER"]
[SourceTitle "CBM 208 Extra"]
[Source "ChessBase"]
[SourceDate "2022.07.31"]
[SourceVersion "1"]
[SourceVersionDate "2022.07.31"]
[SourceQuality "1"]

1. e4 c6 2. d4 d5 3. e5 c5 4. dxc5 e6 5. a3 a5 6. Nc3 Bxc5 7. Qg4 g6 8. Bd3 Nc6 9. Nf3 Bd7 10. Qf4 h5 11. Be3 Bxe3 12. fxe3 Nce7 13. 0-0-0 Nf5 14. e4 dxe4 15. Nxe4 Qe7 16. Nd4 Kf8 17. Nxf5 gxf5 18. Nd6 Rh7 19. Be2 Bc6 20. Bf3 Qc7 21. Rhe1 Ne7 22. Qg5 h4 23. Rd4 Ng6 24. Qf6 Kg8 25. Rc4 Ra6 26. Rd1 Qe7 27. Nxb7 Qxb7 28. Rd8+ Nf8 29. Bxc6 Rxc6 30. Rxc6 Qxc6 31. Qe7 Kg7 32. Rxf8 Kg6 33. Rg8+ 1-0

[Event "Wch U16 blitz"]
[Site "Rhodes"]
[Date "2022.05.03"]
[Round "6"]
[White "Petrovskiy, Vadim"]
[Black "Trushko, Andrii"]
[Result "1-0"]
[WhiteElo "2400"]
[BlackElo "2222"]
[PlyCount "127"]
[EventDate "2022.05.03"]
[EventType "swiss (blitz)"]
[EventRounds "9"]
[EventCountry "GRE"]
[SourceTitle "CBM 208 Extra"]
[Source "ChessBase"]
[SourceDate "2022.07.31"]
[SourceVersion "1"]
[SourceVersionDate "2022.07.31"]
[SourceQuality "1"]

1. e4 c6 2. d4 d5 3. Nc3 h5 4. Nf3 dxe4 5. Nxe4 Bg4 6. c3 e6 7. Bd3 Nd7 8. h3 Bxf3 9. Qxf3 Ngf6 10. Ng5 Bd6 11. 0-0 0-0 12. Bd2 Qc7 13. Rfe1 Rad8 14. Ne4 Rfe8 15. Nxf6+ Nxf6 16. Bg5 Be7 17. Bxf6 Bxf6 18. Qxh5 c5 19. Qh7+ Kf8 20. Bb5 cxd4 21. cxd4 Bxd4 22. Bxe8 Kxe8 23. Re2 Qb6 24. Qe4 Ke7 25. Rc1 Rd7 26. b3 Bf6 27. Rec2 g6 28. Qf4 g5 29. Qe4 Bd4 30. Qf3 Be5 31. g3 f5 32. Kg2 Kf6 33. Rd1 Bd4 34. Qh5 Qd6 35. Qh6+ Kf7 36. Qh5+ Kf6 37. Rcd2 e5 38. Qh6+ Kf7 39. Qxd6 Rxd6 40. Rc2 Rd7 41. f4 gxf4 42. gxf4 Ke6 43. fxe5 Rg7+ 44. Kf3 Bxe5 45. Rg2 Rh7 46. Rh1 Rh4 47. Re2 Kf6 48. Kg2 Rh6 49. Rhe1 Rg6+ 50. Kf1 Bd4 51. Re6+ Kf7 52. Rxg6 Kxg6 53. Re7 b5 54. Rb7 Bb6 55. Kg2 Kg5 56. Kf3 b4 57. Rg7+ Kf6 58. Rg2 Ke5 59. h4 Bc5 60. h5 Bf8 61. Rg6 f4 62. h6 Kf5 63. h7 Bg7 64. Rxg7 1-0

[Event "Wch U16 rapid"]
[Site "Rhodes"]
[Date "2022.05.02"]
[Round "6"]
[White "Trushko, Andrii"]
[Black "Garner, Isaac"]
[Result "1-0"]
[WhiteElo "2065"]
[BlackElo "2076"]
[PlyCount "55"]
[EventDate "2022.05.01"]
[EventType "swiss (rapid)"]
[EventRounds "9"]
[EventCountry "GRE"]
[SourceTitle "CBM 208 Extra"]
[Source "ChessBase"]
[SourceDate "2022.07.31"]
[SourceVersion "1"]
[SourceVersionDate "2022.07.31"]
[SourceQuality "1"]

1. d4 d5 2. Bf4 c5 3. e3 Nc6 4. c3 Qb6 5. Qb3 c4 6. Qc2 e5 7. Bxe5 Bf5 8. Qc1 Nxe5 9. dxe5 f6 10. e6 Bxe6 11. Ne2 Bc5 12. Nd4 f5 13. Be2 Nf6 14. 0-0 0-0 15. Nd2 f4 16. b4 Bxd4 17. exd4 Rae8 18. Re1 Qd6 19. Qa3 Bg4 20. Bxg4 Nxg4 21. Nf3 a6 22. Qa5 Re4 23. Qc5 Qe6 24. Rxe4 dxe4 25. Ng5 Qh6 26. Qd5+ Kh8 27. Nf7+ Rxf7 28. Qd8+ 1-0

[Event "Wch U16 rapid"]
[Site "Rhodes"]
[Date "2022.05.02"]
[Round "7"]
[White "Trushko, Andrii"]
[Black "Tobak, Mikhail"]
[Result "0-1"]
[WhiteElo "2065"]
[BlackElo "2159"]
[PlyCount "94"]
[EventDate "2022.05.01"]
[EventType "swiss (rapid)"]
[EventRounds "9"]
[EventCountry "GRE"]
[SourceTitle "CBM 208 Extra"]
[Source "ChessBase"]
[SourceDate "2022.07.31"]
[SourceVersion "1"]
[SourceVersionDate "2022.07.31"]
[SourceQuality "1"]

1. d4 Nf6 2. Bg5 e6 3. e3 c5 4. Bxf6 Qxf6 5. c3 b6 6. Nf3 Bb7 7. Nbd2 cxd4 8. cxd4 Bb4 9. Be2 0-0 10. 0-0 Qg6 11. Nh4 Qg5 12. Bf3 Nc6 13. g3 Ba6 14. Ne4 Qd8 15. Be2 Bb7 16. a3 Be7 17. Ng2 Rc8 18. Rc1 Na5 19. Rxc8 Qxc8 20. Nd2 Qc7 21. b4 Nc6 22. Qc2 Rc8 23. Rc1 Qb8 24. Qb1 Qa8 25. Nf4 Bg5 26. Nc4 Bxf4 27. gxf4 Qb8 28. Bd3 f5 29. b5 Nxd4 30. exd4 Qxf4 31. Ne3 Rf8 32. Bf1 Qg5+ 33. Ng2 f4 34. f3 Bxf3 35. Qb2 Bd5 36. Qd2 Qg4 37. Kf2 f3 38. Ne1 Qh4+ 39. Ke3 Qg5+ 40. Kd3 Be4+ 41. Kc3 Rc8+ 42. Kb3 Qxd2 43. Rxc8+ Kf7 44. Nc2 f2 45. Kb2 Qe1 46. Bh3 Bxc2 47. Rxc2 f1Q 0-1

[Event "Wch U16 rapid"]
[Site "Rhodes"]
[Date "2022.05.01"]
[Round "9"]
[White "Chyzy, Jakub"]
[Black "Trushko, Andrii"]
[Result "1-0"]
[WhiteElo "1951"]
[BlackElo "2065"]
[PlyCount "112"]
[EventDate "2022.05.01"]
[EventType "swiss (rapid)"]
[EventRounds "9"]
[EventCountry "GRE"]
[SourceTitle "CBM 208 Extra"]
[Source "ChessBase"]
[SourceDate "2022.07.31"]
[SourceVersion "1"]
[SourceVersionDate "2022.07.31"]
[SourceQuality "1"]

1. b3 d5 2. Bb2 f6 3. f4 c5 4. Nf3 Nc6 5. e3 Bg4 6. Be2 Qc7 7. h3 Bh5 8. 0-0 e6 9. c4 Bd6 10. Nc3 Nge7 11. cxd5 exd5 12. Qe1 0-0 13. Bd3 Qd7 14. Qh4 Qe8 15. Nb5 Rd8 16. g4 Bg6 17. f5 Bf7 18. g5 Be5 19. Nxe5 fxe5 20. Nc7 Qd7 21. Ne6 Nb4 22. Nxc5 Qd6 23. Qxb4 e4 24. Kg2 Bh5 25. Qd4 Rf7 26. Nxb7 Bf3+ 27. Rxf3 exf3+ 28. Kxf3 Nxf5 29. Bxf5 Rxf5+ 30. Kg4 h5+ 31. Kh4 Qe7 32. Qxg7+ Qxg7 33. Bxg7 Rd7 34. Bf6 Rxb7 35. Kxh5 Kf7 36. Rc1 Rf2 37. Bd4 Rxd2 38. g6+ Ke6 39. Rg1 Rb8 40. Kh6 Rxa2 41. g7 Kf7 42. Kh7 Rh2 43. Rf1+ Ke7 44. Rf3 Rg2 45. Rf8 Rxb3 46. g8Q Rxg8 47. Rxg8 a5 48. Ra8 Rb5 49. h4 Ke6 50. Kg6 Rb1 51. Rxa5 Rg1+ 52. Kh6 Rg4 53. h5 Rg2 54. Ra6+ Kf5 55. Rg6 Rh2 56. Rg5+ Ke4 1-0

[Event "Kiev Shystarev Memorial 1st"]
[Site "Kiev"]
[Date "2020.08.31"]
[Round "9"]
[White "Trushko, Andrii"]
[Black "Gavrish, Leonid"]
[Result "0-1"]
[WhiteElo "1820"]
[BlackElo "2096"]
[PlyCount "78"]
[EventDate "2020.08.25"]
[EventType "swiss"]
[EventRounds "9"]
[EventCountry "UKR"]
[SourceTitle "EXT 2022"]
[Source "ChessBase"]
[SourceDate "2021.10.06"]
[SourceVersion "1"]
[SourceVersionDate "2021.10.06"]
[SourceQuality "1"]

1. d4 Nf6 2. Bg5 c5 3. Bxf6 gxf6 4. dxc5 Qa5+ 5. c3 Qxc5 6. Nd2 d5 7. e4 dxe4 8. Nxe4 Qc7 9. Nf3 Nc6 10. Bc4 Bg7 11. Qe2 0-0 12. 0-0 Bg4 13. Bb3 Ne5 14. Bc2 Nxf3+ 15. gxf3 Bh3 16. Rfe1 e6 17. Kh1 Kh8 18. Rg1 Rad8 19. Rg3 Bf5 20. Rag1 Bg6 21. h4 Qf4 22. Rh3 Rd5 23. Qe3 Bh6 24. Qxf4 Bxf4 25. Bb3 Bxe4 26. fxe4 Rd2 27. Rd1 Rxf2 28. Kg1 Rxb2 29. Rd7 Rg8+ 30. Kf1 Bh2 31. Rxh2 Rxh2 32. Rxf7 Rxh4 33. Rxb7 Rf4+ 34. Ke2 Rxe4+ 35. Kf3 f5 36. Rxa7 Rc8 37. c4 h5 38. Kg3 h4+ 39. Kh3 Rg8 0-1

[Event "Kiev Shystarev Memorial 1st"]
[Site "Kiev"]
[Date "2020.08.28"]
[Round "5"]
[White "Trushko, Andrii"]
[Black "Petrova, Irina"]
[Result "1/2-1/2"]
[WhiteElo "1820"]
[BlackElo "2088"]
[PlyCount "73"]
[EventDate "2020.08.25"]
[EventType "swiss"]
[EventRounds "9"]
[EventCountry "UKR"]
[SourceTitle "EXT 2022"]
[Source "ChessBase"]
[SourceDate "2021.10.06"]
[SourceVersion "1"]
[SourceVersionDate "2021.10.06"]
[SourceQuality "1"]

1. d4 d6 2. e4 Nf6 3. f3 e5 4. d5 Be7 5. c4 0-0 6. Nc3 c6 7. Be3 Nbd7 8. a4 a5 9. Bd3 Nh5 10. Nge2 Bg5 11. Qd2 h6 12. h4 Bxe3 13. Qxe3 Nc5 14. 0-0-0 Qb6 15. Qg1 Qb4 16. Bc2 Qxc4 17. g4 Nf4 18. Nxf4 exf4 19. g5 h5 20. g6 f6 21. Rd4 Nb3+ 22. Bxb3 Qxb3 23. dxc6 bxc6 24. Rxd6 Rb8 25. Rh2 Qb4 26. Rhd2 Re8 27. Rxc6 Bd7 28. Rc7 Be6 29. Qa7 Qf8 30. Rdd7 Bxd7 31. Rxd7 Rec8 32. Kc2 Rxb2+ 33. Kd1 Rxc3 34. Qd4 Rb1+ 35. Kd2 Rb2+ 36. Kd1 Rb1+ 37. Kd2 1/2-1/2